00467nam a22001577a 450000500170000001000150001702000260003203500140005803700130007208200120008510000180009724500470011526000450016227000810020730000210028820220520103753.0 aENG-132737 a9788190164201c550.00 aEN-116269 bDBAD/PUB a338.954 aAgrawal, K.C. aShaping India of our Dreams/cK.C. Agrawal aUttar PradeshbKnowledge Books Incc2004 aP.O. Box - 536, Sector-37, Post OfficebNoidae201303minfo@crusadeindia.com a402p.c22cm(hbk)